000 00354nam a2200157Ia 4500
008 230605s1999 xx 000 0 und d
041 _aeng
100 _aRonald
245 _aFood and Beverage Service
260 _bEducation Instt. Pub.
_c1999
_c1999
300 _a597
365 _b415
500 _a103
520 _aGeneral
650 _aF. B.
999 _c417784
_d417784